000 00446nmm a2200145Ia 4500
008 251105s9999||||xx |||||||||||||||||und||
020 _a9788431533700
041 _aspa
100 _aRosemberg, Mariane
245 0 _aEntrantes. La idea ligera (KiloDiet)
264 _a[Madrid, España] :
_bDe Vecchi,
_c[Fecha de publicación no identificada]
300 _a0 páginas
856 _uhttps://public.digitaliapublishing.com/a/122552
942 _cCF
999 _c81350
_d81350